<?xml version="1.0" encoding="UTF-8"?>
<collection xmlns="http://www.loc.gov/MARC21/slim">
<record>
  <controlfield tag="001">144121</controlfield>
  <controlfield tag="005">20240827160744.0</controlfield>
  <datafield tag="037" ind1=" " ind2=" ">
    <subfield code="a">GDOC-2022-66111</subfield>
  </datafield>
  <datafield tag="970" ind1=" " ind2=" ">
    <subfield code="a">GDOC-2022-66111</subfield>
  </datafield>
  <datafield tag="041" ind1=" " ind2=" ">
    <subfield code="a">spa</subfield>
  </datafield>
  <datafield tag="041" ind1=" " ind2=" ">
    <subfield code="a">eng</subfield>
  </datafield>
  <datafield tag="540" ind1=" " ind2=" ">
    <subfield code="a">by-nc-sa</subfield>
    <subfield code="b">Creative Commons</subfield>
    <subfield code="c">3.0</subfield>
    <subfield code="u">http://creativecommons.org/licenses/by-nc-sa/3.0/</subfield>
  </datafield>
  <datafield tag="260" ind1=" " ind2=" ">
    <subfield code="a">Zaragoza</subfield>
    <subfield code="b">Universidad de Zaragoza</subfield>
    <subfield code="c">2022-2023</subfield>
  </datafield>
  <datafield tag="245" ind1="0" ind2="0">
    <subfield code="9">66111</subfield>
    <subfield code="a">Ensamblaje y fabricación de nanoestructuras</subfield>
  </datafield>
  <datafield tag="242" ind1="0" ind2="0">
    <subfield code="9">66111</subfield>
    <subfield code="a">Assembly and Fabrication of Nanoestructures</subfield>
  </datafield>
  <datafield tag="100" ind1=" " ind2=" ">
    <subfield code="0">(orcid)0000-0003-3165-0156</subfield>
    <subfield code="a">Manuel Arruebo, Gordo</subfield>
    <subfield code="1">308425</subfield>
  </datafield>
  <datafield tag="700" ind1=" " ind2=" ">
    <subfield code="0">(orcid)0000-0001-5512-0075</subfield>
    <subfield code="a">Francisco Balas, Nieto</subfield>
    <subfield code="1">594536</subfield>
  </datafield>
  <datafield tag="700" ind1=" " ind2=" ">
    <subfield code="0">(orcid)0000-0003-1512-4500</subfield>
    <subfield code="a">Joaquín Juan Coronas, Ceresuela</subfield>
    <subfield code="1">152055</subfield>
  </datafield>
  <datafield tag="700" ind1=" " ind2=" ">
    <subfield code="0">(orcid)0000-0001-9566-0738</subfield>
    <subfield code="a">José María de Teresa, Nogueras</subfield>
    <subfield code="1">326171</subfield>
  </datafield>
  <datafield tag="700" ind1=" " ind2=" ">
    <subfield code="0">(orcid)0000-0002-7854-6316</subfield>
    <subfield code="a">Raquel Giménez, Soro</subfield>
    <subfield code="1">152300</subfield>
  </datafield>
  <datafield tag="700" ind1=" " ind2=" ">
    <subfield code="0">(orcid)0000-0003-3109-4284</subfield>
    <subfield code="a">Silvia Maria Hernandez, Ainsa</subfield>
    <subfield code="1">498281</subfield>
  </datafield>
  <datafield tag="700" ind1=" " ind2=" ">
    <subfield code="0">(orcid)0000-0001-6040-1920</subfield>
    <subfield code="a">Emilio José Juárez, Pérez</subfield>
    <subfield code="1">803365</subfield>
  </datafield>
  <datafield tag="700" ind1=" " ind2=" ">
    <subfield code="0">(orcid)0000-0002-4758-9380</subfield>
    <subfield code="a">María Reyes Mallada, Viana</subfield>
    <subfield code="1">322994</subfield>
  </datafield>
  <datafield tag="700" ind1=" " ind2=" ">
    <subfield code="0">(orcid)0000-0001-7872-6301</subfield>
    <subfield code="a">Gema Martínez, Martínez</subfield>
    <subfield code="1">606027</subfield>
  </datafield>
  <datafield tag="700" ind1=" " ind2=" ">
    <subfield code="0">(orcid)0000-0001-5556-2172</subfield>
    <subfield code="a">Milagros Piñol, Lacambra</subfield>
    <subfield code="1">387794</subfield>
  </datafield>
  <datafield tag="700" ind1=" " ind2=" ">
    <subfield code="a">María Isabel Sánchez, de los Santos</subfield>
    <subfield code="1">862905</subfield>
  </datafield>
  <datafield tag="700" ind1=" " ind2=" ">
    <subfield code="0">(orcid)0000-0001-7091-077X</subfield>
    <subfield code="a">Maria Teresa Sierra, Travieso</subfield>
    <subfield code="1">365744</subfield>
  </datafield>
  <datafield tag="830" ind1=" " ind2=" ">
    <subfield code="9">539</subfield>
  </datafield>
  <datafield tag="856" ind1="4" ind2=" ">
    <subfield code="s">19467</subfield>
    <subfield code="u">http://zaguan.unizar.es/record/144121/files/guia-66111-en.pdf</subfield>
    <subfield code="y">Guide (english)</subfield>
  </datafield>
  <datafield tag="521" ind1=" " ind2=" ">
    <subfield code="9">637</subfield>
    <subfield code="a">Máster Universitario en Materiales Nanoestructurados para Aplicaciones Nanotecnológicas</subfield>
    <subfield code="b">Master's in Nanostructured Materials for Nanotechnology Applications</subfield>
  </datafield>
  <datafield tag="980" ind1=" " ind2=" ">
    <subfield code="a">GDOC</subfield>
    <subfield code="b">Sciences</subfield>
    <subfield code="b">Ciencias</subfield>
    <subfield code="c">100</subfield>
  </datafield>
</record>
</collection>